000 00975nam a2200301 a 4500
001 78443
003 BD-RjUL
005 20211209083129.0
008 760304r19741974ii b 001 0 eng
035 _a(BD-RjUL)78669
040 _aDLC
_cDLC
_dDLC
_dBD-RjUL
_beng
041 _aeng
043 _aa-ii---
082 0 0 _223
_a954.025
_bJAM 1974
100 1 _aJaffar, S. M.
_d1910-
_9248332
245 1 4 _aThe Mughal Empire, from Bābar to Aurangzeb /
_cby S. M. Jaffar ; with an introd. by Sir Abdul Qadir.
260 _aDelhi :
_bEss Ess Publications,
_c1974.
300 _axx, 441 p. ;
_c22 cm.
500 _a"First Indian reprint 1974."
500 _aReprint of the 1936 ed. published by S. Muhammad Sadiq Khan Peshawar.
500 _aIncludes index.
504 _aBibliography: p. [413]-418.
651 0 _aMogul Empire
_xHistory.
_9248333
651 0 _aIndia
_xHistory
_y1526-1765.
_9248334
942 _2ddc
_cBK
999 _c78443
_d78443